The extrusion of metals /

Bibliographic Details
Main Author: Pearson, Claude E. (Claude Edmund)
Other Authors: Parkins, Redvers N.
Format: Book
Language:English
Published: New York : Wiley, 1960.
Edition:2d ed., rev.
Subjects:

MARC

Tag First Indicator Second Indicator Subfields
LEADER 00000cam a2200000 4500
001 in00000026410
005 20151007061250.0
008 760510s1960 nyua 00010 eng
010 |a  60052153  
035 |a (OCoLC)02166671 
035 |9 AAD1606AM 
040 |a DLC  |c CSU  |d TXA  |d UtOrBLW 
049 |a TXAM  |c [425886] 
050 0 |a TS255  |b .P4 1960 
100 1 |a Pearson, Claude E.  |q (Claude Edmund) 
245 1 4 |a The extrusion of metals /  |c [by] Claude E. Pearson and Redvers N. Parkins. 
250 |a 2d ed., rev. 
264 1 |a New York :  |b Wiley,  |c 1960. 
300 |a 336 pages :  |b illustrations ;  |c 23 cm. 
336 |a text  |b txt  |2 rdacontent 
337 |a unmediated  |b n  |2 rdamedia 
338 |a volume  |b nc  |2 rdacarrier 
650 0 |a Metals  |x Extrusion. 
700 1 |a Parkins, Redvers N. 
999 |a MARS 
999 f f |s 0f43e591-ec22-327d-b904-2f6955a025c5  |i 872bc2dd-e883-3e69-a109-ea3ac217a2e0  |t 0 
952 f f |p ric  |a Texas A&M University  |b Rellis Campus  |c Joint Library Facility  |d Remote Storage  |t 0  |e TS255 .P4 1960  |h Library of Congress classification  |i unmediated -- volume  |m A14801128442 
998 f f |a TS255 .P4 1960  |t 0  |l Remote Storage